De temporali, humana et mystica D.N. Jesuxhisti generatione observatio genealogica Panegíricas, Mystica, Dogmática et moralis.

Detalles Bibliográficos
Autor principal: SAN MIGUEL, Isidoro de
Formato: Libro
Publicado: Nápoles 1704
Materias:
Colección:Banco de datos
Acervo:Biblioteca del Museo Regional de Querétaro. INAH. Querétaro
Tema general:Teología
Notas:Regular. 2G1, 7.
LEADER 00763nam a22001930004500
035 |a 23745 
036 |a 6 
100 1 |a SAN MIGUEL, Isidoro de 
245 1 0 |a De temporali, humana et mystica D.N. Jesuxhisti generatione observatio genealogica Panegíricas, Mystica, Dogmática et moralis. 
260 |a Nápoles  |b Domingo Antonio Parrino imp.  |c 1704 
500 |a Regular. 2G1, 7. 
650 1 0 |a Teología 
949 |a C.R.Q. 
959 |a Ex convento Grande de San Francisco de la ciudad de Querétaro, Museo Regional de Querétaro  |b CCC2 
960 |a Convento Nuestra Señora de los Angeles Churubusco ciudad de México  |b DD69 
961 |a Franciscana  |b OF 
942 |c C.R.Q. 
943 |g Biblioteca del Museo Regional de Querétaro. INAH. Querétaro 
999 |c 980061  |d 980061